Statistiques concernant Histoire et géographie 101

Cliquez ici pour prendre le quiz!

Statistiques générales

  • Ce quiz a été pris 1,265 fois
  • Le résultat moyen est 11 sur 15

Statistiques - réponses

Indice Answer % Correct
Plus grand pays du mondeRussie
99%
Fameux bateau qui coula à cause d'un glacier en 1912Titanic
98%
Plus grand océan du mondePacifique
97%
Capitale de l'AutricheVienne
94%
Fuhrer de l'Allemagne durant la deuxième guerre mondialeHitler
92%
Fleuve le plus long d'AfriqueNile
90%
Plus petit pays du mondeVatican
90%
Nombre de république française5
88%
Premier président des États-UnisGeorge Washington
85%
Pays commençant par D et est situé au Nord-Est de l'AfriqueDjibouti
77%
Ville maintenant en Tunisie qui avait une rivalité avec RomeCarthage
71%
Ville indienne autrefois appelée BombayMumbai
60%
Général Carthaginois d'une de ces guerres ^Hannibal Barca
39%
Général Anglais qui défait Napoléon dans la bataille de WaterlooWellington
19%
Sultan ottoman qui pris la ville de ConstantinopleMehmed II
6%

Distribution des résultats

Percentile par nombre de réponses

% des personnes avec chaque résultat

Votre développement - résultats

Vous n’avez pas pris ce quiz